ការប្រៀបធៀបចំណីសម្រេចរបស់ក្រុមហ៊ុន VASA FEED និង​ចំណីផ្សមលើការលូតលាស់របស់មាន់ពូជក្នុងស្រុកនៅក្រុងតាខ្មៅ ខេត្តកណ្ដាល, Comparison of vasa feed company's concentrated with self formulated feed on growth performent of local chicke at vbc centre at takhmao city, kadal province. (Record no. 18268)

000 -LEADER
fixed length control field 00895nam a22001577a 4500
003 - CONTROL NUMBER IDENTIFIER
control field LRUA
005 - DATE AND TIME OF LATEST TRANSACTION
control field 20191003155631.0
008 - FIXED-LENGTH DATA ELEMENTS--GENERAL INFORMATION
fixed length control field 191003b xxu||||| |||| 00| 0 eng d
040 ## - CATALOGING SOURCE
Transcribing agency RUA
082 ## - DEWEY DECIMAL CLASSIFICATION NUMBER
Classification number ANS CHA 2018 B.468 Or.1
100 ## - MAIN ENTRY--PERSONAL NAME
9 (RLIN) 13944
Personal name CHAMEROEURN CHAMREN ; ចំរើន ចំរ៉ែន
245 ## - TITLE STATEMENT
Title ការប្រៀបធៀបចំណីសម្រេចរបស់ក្រុមហ៊ុន VASA FEED និង​ចំណីផ្សមលើការលូតលាស់របស់មាន់ពូជក្នុងស្រុកនៅក្រុងតាខ្មៅ ខេត្តកណ្ដាល, Comparison of vasa feed company's concentrated with self formulated feed on growth performent of local chicke at vbc centre at takhmao city, kadal province.
260 ## - PUBLICATION, DISTRIBUTION, ETC. (IMPRINT)
Place of publication, distribution, etc. RUA
Name of publisher, distributor, etc. PHNOM PENH
Date of publication, distribution, etc. 2018
300 ## - PHYSICAL DESCRIPTION
Extent viii, 42p,
Other physical details ill;
Dimensions 29cm;
942 ## - ADDED ENTRY ELEMENTS (KOHA)
Source of classification or shelving scheme
Koha item type ANS
Holdings
Price effective from Date last seen Permanent Location Not for loan Date acquired Source of classification or shelving scheme Koha item type Barcode Lost status Damaged status Withdrawn status Current Location Full call number
2019-10-032019-10-03Library Block A 2019-10-03 ANSA44385   Library Block AANS CHA 2018 B.468 Or.1
2019-10-032019-10-03Library Block A 2019-10-03 ANSA44295   Library Block AANS CHA 2018 B.468 Or.2
2019-10-032019-10-03Library Block A 2019-10-03 ANSA44440   Library Block AANS CHA 2018 B.468 Or.3
2019-10-032019-10-03Library Block A 2019-10-03 ANSA44491   Library Block AANS CHA 2018 B.468 Or.4
2019-10-032019-10-03Library Block A 2019-10-03 ANSA42356   Library Block AANS CHA 2018 B.468 Or.5
2019-10-032019-10-03Library Block A 2019-10-03 ANSA44490   Library Block AANS CHA 2018 B.468 Or.6
មជ្ឈមណ្ឌលឯការនៃសាកលវិទ្យាល័យភូមិន្ទកសិកម្មចំការដូង

Powered by Koha